000 00877cam a2200217 a 4500
020 _a0521440734 (hc)
082 0 0 _a355.009
_bCAM
_cL-39, P-169
245 0 4 _aThe Cambridge illustrated history of warfare :
_bthe triumph of the West /
_cedited by Geoffrey Parker.
260 _aCambridge [England] ;
_aNew York, NY, USA :
_bCambridge University Press,
_c1995.
300 _avi, 408 p. :
_bill., maps (some col.) ;
_c26 cm.
526 _a0
_b0
_c0
_d355_009000000000000_CAM
650 0 _aCivilization, Western.
_933677
650 0 _aMCE
_9379
650 0 _aMilitary art and science
_xHistory.
_91734
650 0 _aWar and society.
_937579
650 0 _aWar
_xEconomic aspects.
_948639
700 1 _aParker, Geoffrey,
_948640
856 4 1 _uhttp://www.loc.gov/catdir/toc/cam022/95015180.html
856 4 2 _uhttp://www.loc.gov/catdir/description/cam027/95015180.html
942 _2ddc
_cBK
999 _c551506
_d551506